| 000 | 00500nam a22001817a 4500 | ||
|---|---|---|---|
| 003 | CEME | ||
| 005 | 20210628202320.0 | ||
| 008 | 210121b xxu||||| |||| 00| 0 eng d | ||
| 020 | _a0-07-829978-0 | ||
| 040 | _c. | ||
| 082 | _a808.0427 CHI | ||
| 100 |
_aChin, Beverly Ann Wolfe, Denny Copeland, Jeffrey _959317 |
||
| 245 | _aThe reader's choice | ||
| 260 |
_aNEW YORK _bMCGRAW HILL _c2002 |
||
| 300 | _aXXXV,1000 P | ||
| 650 |
_aREADINGS.WRITING.LISTENING AND SPEAKING _959318 |
||
| 942 |
_cBK _2ddc |
||
| 999 |
_c569327 _d569327 |
||